| 000 | 00358nam a22001337a 4500 | ||
|---|---|---|---|
| 008 | 170428b xxu||||| |||| 00| 0 eng d | ||
| 020 | _a9780536178305 | ||
| 050 |
_aQA76.6 _b.I58 2003 |
||
| 245 | _aIntroduction to computer programming/ | ||
| 260 |
_aBoston _bPearson custom _c2003 |
||
| 300 |
_axvi,868p _c30cm |
||
| 500 | _aincludes index | ||
| 942 |
_2lcc _cBK |
||
| 999 |
_c50156 _d50156 |
||